Cancionero de las dos Castillas / (Record no. 39513)

MARC details
000 -LEADER
campo de control de longitud fija 00529nam a2200169 i 4500
001 - NÚMERO DE CONTROL
campo de control 39513
003 - IDENTIFICADOR DE NÚMERO DE CONTROL
campo de control ES-MaACL
005 - FECHA Y HORA DE LA ÚLTIMA TRANSACCIÓN
campo de control 20230906160018.0
007 - CAMPO FIJO DE DESCRIPCIÓN FÍSICA--INFORMACIÓN GENERAL
campo de control de longitud fija t|
008 - DATOS DE LONGITUD FIJA--INFORMACIÓN GENERAL
campo de control de longitud fija 030303s1971 sp ||||1| spa d
245 00 - MENCIÓN DEL TÍTULO
Título Cancionero de las dos Castillas /
Mención de responsabilidad, etc. recopilado por Juan Hidalgo Montoya ; ilustraciones de Sanz del Hoyo.
260 ## - PUBLICACIÓN, DISTRIBUCIÓN, ETC.
Lugar de publicación, distribución, etc. Madrid :
Nombre del editor, distribuidor, etc. Carmona,
Fecha de publicación, distribución, etc. [1971]
300 ## - DESCRIPCIÓN FÍSICA
Extensión 154 p. :
Otras características físicas il. ;
Dimensiones 22 cm.
700 1# - ENTRADA AGREGADA--NOMBRE PERSONAL
Nombre de persona Hidalgo Montoya, Juan.
9 (RLIN) 63597
700 1# - ENTRADA AGREGADA--NOMBRE PERSONAL
Nombre de persona Sanz del Hoyo.
9 (RLIN) 103632
852 ## - LOCALIZACIÓN
Ubicación ES-MaACL
Número de control de estantería C-45616
Sublocalización o colección R.77400
Holdings
Estatus retirado Estado de pérdida Estado de daño No para préstamo Biblioteca de origen Biblioteca actual Ubicación en estantería Fecha de adquisición Fuente de adquisición Total de préstamos Signatura topográfica completa Código de barras Visto por última vez Precio de reemplazo Tipo de ítem Koha
        Biblioteca del Ateneo de Madrid Biblioteca del Ateneo de Madrid Depósito 2 17/01/2008     C-45616 1041612 23/02/2023 23/02/2023 Libro impreso